Responses for show #7304 - Thursday, May 19, 2016

2016 Power Players Week game 4.
From DAR Constitution Hall in Washington, D.C.

Contestants

[<< previous game]

Sunny Hostin, a senior legal correspondent and analyst from ABC News

Ana Navarro, a Republican commentator from CNN, ABC News, and Telemundo

Senator Al Franken, a U.S. senator from Minnesota

[next game >>]

Jeopardy! Round responses

THE AL FRANKEN DECADE
(Alex: It's all about the '80s, isn't it? Yeah.) (Al: You had to give 'em that clue.)
A COOK-OFF
TV THEME SONGS
EUROPE
3-LETTER WORDS
LEGALIZE IT
    $200 1
Gorbachev

Al
    $200 6
chili

Al
    $200 7
Baywatch

Sunny
    $200 12
Cuba

Ana
    $400 2
(Ana: Uh, well, since it's all about Al Franken, let's do that for $600.)

Pac-Man

Ana
    $400 13
wok

Ana
    $400 8
The Flintstones

Al
    $400 15
mixed martial arts

Sunny
    $600 3
Tiananmen Square

Al
    $600 14
hummus

Al
    $600 9
Cleveland

Al
    $1,000 18
witchcraft

Ana
    $800 4
Noriega

Ana
    $800 16
saffron

Sunny
    $800 10
Bewitched

Sunny
    $800 19
[The end-of-round signal sounds.]

Colorado

Al
    $1000 5
the Jarvik-7

Triple Stumper
    $1000 17
ricotta

Ana
    $1000 11
"Love And Marriage"

Al

Scores at the first commercial break (after clue 10):

Al Ana Sunny
$2,000 $1,200 $1,000

Scores at the end of the Jeopardy! Round:

Al Ana Sunny
$4,400 $3,800 $2,200

Double Jeopardy! Round responses

SANTA ANNA
POLITICAL MOVIES
MORE POETRY, PLEASE
(Alex: ...we'll give you some lines of poetry. You have to continue the famous quotation.)
CONSERVATIVE
"LIB"ERAL
MODERATES
(Alex: ...not "MOD-er-ets", but "mod-er-ATES".)
    $400 12
(Ana: What is France?)

Spain

AlAna
    $400 13
Robert Redford

Al
    $400 6
Interior

Al
    $400 1
the Libertarian Party

Al
    $400 9
Hillary Clinton, Bernie Sanders & Martin O'Malley

Al
    $800 22
Davy Crockett

Al
    $800 14
Mr. Smith Goes to Washington

Al
    $800 7
estimate

Ana
    $800 2
Liberace

Sunny
    $800 18
Lloyd Bentsen

Ana
    $1200 23
[The end-of-round signal sounds.]

chewing gum

Ana
    $2,000 15
The Ides of March

Al
    $1200 8
audience

Ana
    $1200 3
women's lib

Al
    $2,000 19
Barbara Walters

Ana
    $1600 16
Dr. Strangelove

Al
    $1600 10
(conservation of) energy

Al
    $1600 4
(Ana: What is Liberia?)
...
(Alex: Deposed by Muammar Gaddafi.)

Libya

Ana
Triple Stumper
    $1600 20
(Alex: Yes, with less than a minute now.)

Jim Lehrer

Al
    $2000 17
Wag the Dog

Ana
    $2000 11
a conservatory

Sunny
    $2000 5
a libretto

Al
    $2000 21
Adlai Stevenson

Al

Scores at the end of the Double Jeopardy! Round:

Al Ana Sunny
$20,000 $9,800 $5,000
(lock game)

[wagering suggestions for these scores]

Final Jeopardy! Round responses

THE PRESIDENTIAL OATH OF OFFICE
SunnyWho was JFK?
$5,000
AnaWho is Rev. Martin Luther King
$1,200
AlWho is Dr. Martin Luther King?
$5
Martin Luther King, Jr.

Final scores:

Al Ana Sunny
$20,005 $11,000 $0
Winner: $50,000 to the USO 2nd place: $11,000 to Operation Smile 3rd place: $10,000 to the Bronx Children's Museum

Game dynamics:

Coryat scores:

Al Ana Sunny
$19,200 $8,600 $5,000
22 R
(including 1 DD),
0 W
12 R
(including 2 DDs),
2 W
6 R,
0 W

Combined Coryat: $32,800

The J! Archive is created by fans, for fans. The Jeopardy! game show and all elements thereof, including but not limited to copyright and trademark thereto, are the property of Jeopardy Productions, Inc. and are protected under law. This website is not affiliated with, sponsored by, or operated by Jeopardy Productions, Inc. Join the discussion at JBoard.tv.